000 00267nam a22001097a 4500
008 170124b xxu||||| |||| 00| 0 eng d
020 _a9780781775588
041 _aeng
080 _22ND
_a618.2
245 _aUNDERSTANDING NURSING RESEARCH
_cMACNEE, C.L
942 _2udc
_cBK
999 _c3481
_d3481